Corridors of power / (Record no. 19023)
[ view plain ]
| 000 -LEADER | |
|---|---|
| fixed length control field | 00699nam a22002411 4500 |
| 001 - CONTROL NUMBER | |
| control field | 19023 |
| 003 - CONTROL NUMBER IDENTIFIER | |
| rucl marc code | BD-RjUL |
| 005 - DATE AND TIME OF LATEST TRANSACTION | |
| control field | 20211209000355.0 |
| 008 - FIXED-LENGTH DATA ELEMENTS--GENERAL INFORMATION | |
| fixed length control field | 140223s1964 nyu 00011 engm |
| 035 ## - SYSTEM CONTROL NUMBER | |
| System control number | (BD-RjUL)19081 |
| 040 ## - CATALOGING SOURCE | |
| Original cataloging agency | DLC |
| Transcribing agency | DLC |
| Modifying agency | m.c. |
| -- | BOS |
| -- | BD-RjUL |
| Language of cataloging | eng |
| 041 ## - LANGUAGE CODE | |
| Language code of text/sound track or separate title | eng |
| 082 ## - DEWEY DECIMAL CLASSIFICATION NUMBER | |
| Classification number | 813.6 |
| Author mark and year | SNC 1964 |
| 090 ## - LOCALLY ASSIGNED LC-TYPE CALL NUMBER (OCLC); LOCAL CALL NUMBER (OCLC) | |
| Classification number (OCLC) (R) ; Classification number, CALL (RLIN) (NR) | PR6037.N6 |
| Local cutter number (OCLC) ; Book number/undivided call number, CALL (RLIN) | C67 F64 |
| 100 1# - MAIN ENTRY--PERSONAL NAME | |
| Personal name | Snow, C. P. |
| Fuller form of name | (Charles Percy), |
| Dates associated with a name | 1905-1980. |
| 9 (RLIN) | 22516 |
| 245 10 - TITLE STATEMENT | |
| Title | Corridors of power / |
| Statement of responsibility, etc. | [by] C. P. Snow. |
| 260 ## - PUBLICATION, DISTRIBUTION, ETC. (IMPRINT) | |
| Place of publication, distribution, etc. | New York : |
| Name of publisher, distributor, etc. | Scribner, |
| Date of publication, distribution, etc. | c1964. |
| 300 ## - PHYSICAL DESCRIPTION | |
| Pagination | x, 403 p. ; |
| Size | 22 cm. |
| 490 0# - SERIES STATEMENT | |
| Series statement | His Strangers and brothers [9] |
| 650 #0 - SUBJECT ADDED ENTRY--TOPICAL TERM | |
| Topical term or geographic name as entry element | Nineteen fifties |
| Form subdivision | Fiction. |
| 9 (RLIN) | 58610 |
| 942 ## - ADDED ENTRY ELEMENTS (KOHA) | |
| Source of classification or shelving scheme | Dewey Decimal Classification |
| Koha item type | Books |
| Lost status | Source of classification or shelving scheme | Damaged status | Not for loan | Collection code | Permanent Location | Current Location | Shelving location | Date acquired | Source of acquisition | Total Checkouts | Full call number | Date last seen | Copy number | Koha item type |
|---|---|---|---|---|---|---|---|---|---|---|---|---|---|---|
| Dewey Decimal Classification | Not For Loan | Fiction | Central Library, University of Rajshahi | Central Library, University of Rajshahi | Reading Room | 16/06/1965 | Plonth Clu. Int. | 813.6 SNC 1964 | 23/02/2014 | C-1 | Books |